| 000 | 00555nam a2200217Ia 4500 | ||
|---|---|---|---|
| 005 | 20240203114128.0 | ||
| 008 | 131103s9999 xx 000 0 und d | ||
| 020 | _cRs.10 | ||
| 040 | _aLoreto College | ||
| 041 | _aEnglish | ||
| 082 |
_a370.15 _bDUT |
||
| 100 | _aDutt, Santi | ||
| 245 |
_aEducational Psychology, _cSanti Dutt |
||
| 260 |
_aCalcutta _bBibhas Ranjan Sinha _c1994 |
||
| 300 | _avi,366 p. | ||
| 504 | _aIncludes references and index | ||
| 650 | _aEducation | ||
| 651 | _aEducational Psychology | ||
| 850 | _aLCLIB | ||
| 942 | _cBK | ||
| 999 |
_c3483 _d53962 |
||